LEADER 00876nam a2200217 4500 001 000000352556 003 CaOOAMICUS 005 20221221155157.0 008 221221s2010 it 000 u ita r 040 $aSeMil$bita 100 1 $aErvas, Fulvio.$0(OLS)http://semarc/name/116924 245 10$aFinché c'è prosecco c'è speranza /$cFulvio Ervas ; prefazione di Margherita Hack. 264 1$aMilano :$bMarcos y Marcos,$c2010. 300 $a301 p. ;$c21 cm 700 1 $aHack, Margherita <1922-2013>.$0(OLS)http://semarc/name/30303 850 $aSeMil 852 $aSeMil$W1$xVenegono$y1$m1B II 246$j237082$B243764$CSeMilBibl$Z2$F243764 $81 961 $aPassoni don Cristiano - Omaggio 996 $6245$aFinché c'è prosecco c'è speranza$9(OLS)http://semarc/title/442425 996 $6264$aMilano :$bMarcos y Marcos$9(OLS)http://semarc/publisher/31397 LEADER 02799nam a2200325 i 4500 001 000000012569 003 CaOOAMICUS 005 20230719142015.0 008 180830s17271728it u000 u ita u 040 $aSeMil$bita 100 1 $aPuente, Luis : de la,$c.$0(OLS)http://semarc/name/5989 245 10$aMeditazioni sopra i principali misterj della nostra santa fede colla pratica dell'Orazione Mentale sopra essi del venerabile padre Ludovico Da Ponte ... dall'idioma castigliano tradotte già nel nostro volgare dal signor Giulio Cesare Braccini, e da un religioso ... rivedute, e corrette, e con altre particolari diligenze alla forma di una assai migliore edizione ridotte. Parte 1. [-6.]. 246 0 $i[Tit. dei v. 2-6]$aMeditazioni del venerabile padre Ludovico Da Ponte della Compagnia di Gesù ? 260 $aIn Venezia :$bAppresso Girolamo Savioni,$c1727-1728. 300 $a7 v. ;$c12°. 500 $aLegati insieme i vol. 1-2 500 $aIniz. xilogr. 500 $aEmblemi dei Gesuiti sui front. 700 1 $aBraccini, Giulio Cesare.$0(OLS)http://semarc/name/5988 700 1 $aSavioni, Girolamo,$c.$0(OLS)http://semarc/name/3303 774 0 $tParte 1.$g1$w()35714 774 0 $tParte 2. nella quale si contiene parte delle meditazioni, che si appartengono alla via illuminativa: cioè a dire, de misterj della incarnazione, e infanzia di Gesù Cristo ..$g2$w()244557 774 0 $tParte 3. Nella quale si contengono i principali Misterj della Vita di Gesù Cristo nostro Signore dal suo Battesimo ..$g3$w()244558 774 0 $tParte 4. Nella quale si contengono tutti i Misterj della Passione, e Morte di Nostro Signor Gesù Cristo.$g4$w()244559 774 0 $tParte 5. Nella quale si da principio alle meditazioni, che appartengono alla via illuminativa, e nella quale si contengono i misterj della resurrezione, e ascensione di Cristo.$g5$w()244560 774 0 $tParte 6. Nella quale si contengono i misterj dell'unità, e trinità di Dio, delle altre Divine sue perfezioni, e de' benefici naturali, e soprannaturali, che da lui ci provengono.$g6$w()244561 996 $6246$aMeditazioni del venerabile padre Ludovico Da Ponte della Compagnia di Gesù ?$9(OLS)http://semarc/title/16719 996 $6245$aMeditazioni sopra i principali misterj della nostra santa fede colla pratica dell'Orazione Mentale sopra essi del venerabile padre Ludovico Da Ponte ... dall'idioma castigliano tradotte già nel nostro volgare dal signor Giulio Cesare Braccini, e da un religioso ... rivedute, e corrette, e con altre particolari diligenze alla forma di una assai migliore edizione ridotte. Parte 1. [-6.]$9(OLS)http://semarc/title/16718 996 $6260$aIn Venezia :$bAppresso Girolamo Savioni$9(OLS)http://semarc/publisher/33478